000 01180cam a2200289 a 4500
999 _c4854
_d4854
003 OSt
005 20200310083901.0
008 011114s2001 enka 000 0 eng
020 _a0471978604
040 _aUKM
_cUKM
_dDLC
042 _alccopycat
082 0 0 _a720.105
_221
_bKRO
100 1 _aKronenburg, Robert.
245 1 0 _aSpirit of the machine :
_btechnology as an inspiration in architectural design /
_cRobert Kronenburg.
260 _aChichester :
_bWiley-Academy,
_c2001.
300 _axiv, 114 p. :
_bill. ;
_c28 cm.
504 _aIncludes bibliographical references (p. 113-114).
650 0 _aArchitecture and technology.
650 0 _aArchitecture, Modern
_y20th century.
650 0 _aArchitectural design.
856 4 2 _3Contributor biographical information
_uhttp://www.loc.gov/catdir/bios/wiley042/2001277056.html
856 4 2 _3Publisher description
_uhttp://www.loc.gov/catdir/description/wiley034/2001277056.html
856 4 1 _3Table of contents
_uhttp://www.loc.gov/catdir/toc/wiley021/2001277056.html
906 _a7
_bcbc
_ccopycat
_d2
_encip
_f20
_gy-gencatlg
942 _2ddc